|
|
|
|
| LEADER |
00000nam0a2200000 4500 |
| 001 |
265064 |
| 005 |
20231101233904.0 |
| 010 |
|
|
|a 524400008X
|
| 020 |
|
|
|a RU
|b 88-78251
|
| 035 |
|
|
|a (RuTPU)RU\TPU\book\288063
|
| 090 |
|
|
|a 265064
|
| 100 |
|
|
|a 20140624d1988 k a0rusy5003 ca
|
| 101 |
0 |
|
|a rus
|
| 102 |
|
|
|a RU
|
| 105 |
|
|
|a y z 001zy
|
| 200 |
1 |
|
|a Аномалии личности
|f Б. С. Братусь
|
| 210 |
|
|
|a Москва
|c Мысль
|d 1988
|
| 215 |
|
|
|a 304 с.
|
| 300 |
|
|
|a Рез.: англ.
|
| 320 |
|
|
|a Библиогр. в примеч.: с. 293-300.
|
| 606 |
1 |
|
|a Патопсихология
|x Медицина
|2 stltpush
|3 (RuTPU)RU\TPU\subj\48381
|9 67252
|
| 610 |
1 |
|
|a психическое развитие
|
| 610 |
1 |
|
|a гипотезы
|
| 610 |
1 |
|
|a понимание
|
| 610 |
1 |
|
|a аномальное развитие
|
| 610 |
1 |
|
|a личность
|
| 610 |
1 |
|
|a алкоголь
|
| 610 |
1 |
|
|a профилактика
|
| 675 |
|
|
|a 616.8
|z rus
|
| 700 |
|
1 |
|a Братусь
|b Б. С.
|4 070
|
| 801 |
|
0 |
|a RU
|b RuMRKP
|c 19950417
|g psbo
|
| 801 |
|
1 |
|a RU
|b 63413507
|c 20140624
|
| 801 |
|
2 |
|a RU
|b 63413507
|c 20210513
|g RCR
|
| 942 |
|
|
|c BK
|